Acta Toxicologica Argentina (Registro nro. 1047)
[ vista simple ]
| 000 -LEADER | |
|---|---|
| fixed length control field | 00589nas a22001817a 4500 |
| 008 - CAMPO DE CONTROL RECURSOS CONTINUADOS | |
| fixed length control field | 120615t19939999ag ||||| |||| 00| 0 spa d |
| 022 ## - INTERNATIONAL STANDARD SERIAL NUMBER | |
| International Standard Serial Number | 03279286 |
| 245 ## - TITULO | |
| Titulo | Acta Toxicologica Argentina |
| 260 ## - PUBLICACION, DISTRIBUCION, ETC. (PIE DE IMPRENTA) | |
| Lugar de publicación, distribución, etc | Buenos Aires : |
| Nombre de la editorial, distribuidor, etc. | Asociación Toxicológica Argentina, |
| Fecha de publicación | 1993 |
| 300 ## - DESCRIPCION FISICA | |
| Extensión | v. |
| 310 ## - FRECUENCIA ACTUAL DE LA PUBLICACION | |
| Frecuencia actual de la publicación | sem |
| 546 ## - NOTA DE IDIOMA | |
| Nota de lenguaje | Texto en español |
| 590 ## - NOTAS LOCALES (RLIN) | |
| Nota local | Existencias: 1993 1(1,2); 1996 4(2) |
| 590 ## - NOTAS LOCALES (RLIN) | |
| Nota local | Indexada en: SciELO Argentina y Chemical Abstract |
| 650 ## - MATERIA-TERMINO TEMATICO | |
| Término temático | TOXICOLOGIA-Argentina |
| 9 (RLIN) | 1727 |
| 856 ## - LOCALIZACION ELECTRONICA Y ACCESO | |
| Identificador Uniforme de Recurso (URI) | <a href="http://www.ataonline.org.ar/bibliotecavirtual/acta_toxi_arg.htm">http://www.ataonline.org.ar/bibliotecavirtual/acta_toxi_arg.htm</a> |
| 942 ## - ADDED ENTRY ELEMENTS (KOHA) | |
| Source of classification or shelving scheme | Dewey Decimal Classification |
| Item type | Continuing Resources |
No hay ítems disponibles.